000
00238nam a2200097Ia 4500
008
230907s9999||||xx |||||||||||||| ||und||
082
_a
371.102
_b
TEA
245
0
_a
Teaching:
260
_a
John Wiley & Sons,
_b
Australia :
_c
2016
942
_c
BK
999
_c
598983
_d
598983